| 000 | 00601nam a22002057a 4500 | ||
|---|---|---|---|
| 003 | OSt | ||
| 005 | 20220107122749.0 | ||
| 008 | 140528b xxu||||| |||| 00| 0 eng d | ||
| 020 | _a9788132203742 | ||
| 040 | _cIIITM-K | ||
| 082 | _a005.117 MEY/T | ||
| 100 |
_aMeyer, Bertrand _95590 |
||
| 245 |
_aTouch of class: _bLearning to program well with objects and contracts _cby Bertrand Meyer |
||
| 260 |
_aNew Delhi, _bSpringer, _c2009. |
||
| 300 | _alxiv, 876p. | ||
| 650 |
_aCOMPUTER SCIENCE _95591 |
||
| 650 |
_aCOMPUTER ARCHITECTURE _95592 |
||
| 650 |
_aSOFTWARE ENGINEERING _95593 |
||
| 942 |
_2ddc _cBK |
||
| 999 |
_c4300 _d4300 |
||